[Event "Ruhrgebiet Verbandsklasse Gruppe 3 1819"]
[Site "Nordrheinwestfalen"]
[Date "2019.03.10"]
[Round "7.7"]
[White "Neumann, Robert"]
[Black "Khanzadayev, Sabir"]
[Result "1/2-1/2"]
[WhiteElo "1820"]
[BlackElo "1508"]
[PlyCount "59"]
[EventDate "2018.09.23"]
[EventType "team-tourn"]
[EventRounds "9"]
[EventCountry "GER"]
[SourceTitle "EXT 2022"]
[Source "ChessBase"]
[SourceDate "2021.10.06"]
[SourceVersion "1"]
[SourceVersionDate "2021.10.06"]
[SourceQuality "1"]
[WhiteTeam "Waltrop SV"]
[BlackTeam "Muelheim Nord IV"]
[WhiteTeamCountry "GER"]
[BlackTeamCountry "GER"]

1. d4 d6 2. Bf4 Nf6 3. e3 Nbd7 4. c3 e5 5. dxe5 dxe5 6. Bg3 c6 7. Nf3 Qc7 8. Bc4 h6 9. b4 b5 10. Bb3 Be7 11. h3 Bb7 12. 0-0 g5 13. h4 Ne4 14. Qd3 f5 15. Be6 Nxg3 16. fxg3 e4 17. Qxd7+ Qxd7 18. Bxd7+ Kxd7 19. Ne5+ Ke6 20. Ng6 Rh7 21. Nd2 Bd6 22. Nb3 Kf6 23. h5 Bxg3 24. Rad1 Re8 25. Nc5 Bc8 26. Rd2 Rf7 27. Nh8 Rh7 28. Ng6 Rf7 29. Nh8 Rh7 30. Ng6 1/2-1/2